000 00326 a2200145 4500
001 62879
020 _a97885554600012
040 _cAnchieta - Pituba
100 _aCawthorne, Nigel
240 1 0 _a100 tiranos
_lpor
245 1 0 _a100 tiranos
300 _a129
650 4 _aHistória do mundo antigo até 499 AC.
942 _cBK
999 _c62879
_d62879